北海道のカントリーサイン② - Statistics

General Stats
  • This quiz has been taken 66 times
  • The average score is 18 of 30
Answer Stats
Picture Answer % Correct
松前町
94%
奥尻町
90%
大樹町
82%
紋別市
78%
釧路市
75%
別海町
73%
猿払村
73%
苫小牧市
65%
北竜町
65%
占冠村
61%
豊富町
61%
浜頓別町
59%
羽幌町
59%
遠軽町
57%
足寄町
57%
鹿部町
57%
えりも町
55%
音更町
55%
恵庭市
55%
芽室町
53%
中標津町
53%
留寿都村
53%
上士幌町
51%
枝幸町
51%
中頓別町
49%
真狩村
49%
砂川市
43%
森町
41%
古平町
37%
浦幌町
35%
No matching quizzes found
Score Distribution
Percent of People with Each Score
Percentile by Number Answered
Your Score History
You have not taken this quiz